| 000 | 00436nam a2200157 i 4500 | ||
|---|---|---|---|
| 001 | 97871 | ||
| 003 | ES-MaACL | ||
| 005 | 20230906182156.0 | ||
| 007 | t| | ||
| 008 | 050719s1970 sp ||||1| spa d | ||
| 100 | 1 |
_aMariani, José Luis. _976679 |
|
| 245 | 1 | 0 |
_aAnsias de poseer _b: novela lírica / _cJosé Luis Mariani. |
| 260 |
_aBarcelona : _bGarriga, _c1970. |
||
| 300 |
_a372 p. ; _c17 cm. |
||
| 852 |
_aES-MaACL _jC-43260 _bR.78618 |
||
| 999 |
_c97871 _d97871 |
||